LEADER 00756nam a2200193 i 4500 001 000000254486 003 CaOOAMICUS 005 20170607000000.0 008 170607s1849 it u000 u fre u 013 $a233391 040 $aSeMil$bita 245 10$aTome 2. 300 $a267 p. 773 0 $aCapefigue, Jean Baptiste Honoré Raymond <1801-1872>$tSociété et les gouvernements de l'Europe depuis la chute de Louis-Philippe jusq'a la présidence de Louis-Napoléon Bonaparte.$dBruxelles : Société typographique belge, 1849.$g2$w()33753 850 $aSeMil 852 $aSeMil$W1$xVenegono$y1$m3V I 248 FA$j204832$B204832$CSeMilBibl$Z2$F218363 $8I 941 1 $a10 961 $aRecupero: Mantegazza 996 $6245$aTome 2$9(OLS)http://semarc/title/1533 LEADER 01575nam a2200241 i 4500 001 000000011685 003 CaOOAMICUS 005 20180830125441.0 008 180830s1969 sp u000 u und u 040 $aSeMil$bita 245 10$aHistoria de la Espiritualidad. 260 $aBarcelona :$bJuan Flors,$c1969. 300 $a4 v. ;$c25 cm. 650 4$aSpiritualità - Storia.$0(OLS)http://semarc/subject/1901 773 0 $tPerfección Cristiana. Vida y Doctrina.$dBarcelona : Juan Flors, [196?]$w()11684 774 0 $tEspiritualidad católica.$w()11686 774 0 $tEspiritualidades no cristianas.$dBarcelona : Juan Flors, 1969.$w()11688 774 0 $tEspiritualidades bíblica, de los primeros siglos cristianos y de la Edad Media.$kPerfección Cristiana. Vida y Doctrina$g1$w()126756 774 0 $aHuerga, Alvaro$tEspiritualidades del Renacimiento, barroca e ilustrada, romántica y contemporánea.$kPerfección Cristiana. Vida y Doctrina$g2$w()126759 774 0 $aJiménez Duque, Baldomero$tEspiritualidades ortodoxa, anglicana, luterana y calvinista. Gnósticos, maniqueos, disidentes medievales y cátaros.$kPerfección Cristiana. Vida y Doctrina$g3$w()126763 774 0 $aFaur, José$tEspiritualidades judía y musulmana, del mundo greco-romano, de los antiguos pueblos paganos, de las culturas indígenas hispanoamericans y de los pueblos orientales. Ateísmo.$kPerfección Cristiana. Vida y Doctrina$g4$w()126764 996 $6245$aHistoria de la Espiritualidad$9(OLS)http://semarc/title/15445 996 $6260$aBarcelona :$bJuan Flors$9(OLS)http://semarc/publisher/33217